| 000 | 003600000a22001570004500 | ||
|---|---|---|---|
| 001 | 002118 | ||
| 003 | MACL | ||
| 040 | _aMACL | ||
| 090 |
_c14111 _d14110 |
||
| 100 | _aSharma, Shanshi. S | ||
| 245 |
_aOh My God _bThe Natute Of Divine Faultines _cShanshi. S Sharma |
||
| 260 |
_aRupa And Co., _c2004 |
||
| 350 | _a495 | ||
| 650 | _aReligion | ||
| 942 |
_k211 _cBook |
||
| 999 |
_c14034 _d14034 |
||